|
|
|
|
| LEADER |
00000nam0a2200000 4500 |
| 001 |
363160 |
| 005 |
20231102011548.0 |
| 035 |
|
|
|a (RuTPU)RU\TPU\retro\20507
|
| 090 |
|
|
|a 363160
|
| 100 |
|
|
|a 20210921d1928 k y0rusy50 ca
|
| 101 |
0 |
|
|a rus
|
| 102 |
|
|
|a UA
|
| 105 |
|
|
|a y z 000zy
|
| 200 |
1 |
|
|a О методике преподавания геологии вообще и в Крымском пединституте в частности
|e [отдельный оттиск]
|f П. А. Двойченко
|
| 210 |
|
|
|a Симферополь
|c Издание Крымского педагогического института
|d 1928
|
| 215 |
|
|
|a 20 с.
|
| 225 |
1 |
|
|a Известия Крымского педагогического института
|v Т. 2, 1928
|
| 316 |
|
|
|5 63413507: КР-7225
|a На обложке книги владельческий штамп: «№_____ от Проф. П. А. Двойченко, Симферополь, Дальняя 12»
|
| 317 |
|
|
|5 63413507: КР-7225
|a Поступил в НТБ в 2004 г. в составе книжного собрания кафедры общей геологии
|
| 606 |
1 |
|
|a Методика преподавания
|x В высшей школе
|x Отдельные предметы
|2 stltpush
|3 (RuTPU)RU\TPU\subj\43484
|9 62978
|
| 606 |
1 |
|
|a Геология
|x Методология
|2 stltpush
|3 (RuTPU)RU\TPU\subj\6104
|9 34063
|
| 610 |
1 |
|
|a высшая школа
|
| 610 |
1 |
|
|a дидактика
|
| 610 |
1 |
|
|a геологические знания
|
| 610 |
1 |
|
|a учебные программы
|
| 610 |
1 |
|
|a физическая геология
|
| 610 |
1 |
|
|a физиографическая геология
|
| 610 |
1 |
|
|a динамическая геология
|
| 610 |
1 |
|
|a оттиски
|
| 610 |
1 |
|
|a Коллекция кафедры общей геологии
|
| 610 |
1 |
|
|a дары библиотеке
|
| 675 |
|
|
|a 55.001
|v 4
|
| 686 |
|
|
|a Ч486
|v LBC/SL-A
|2 rubbk
|
| 700 |
|
1 |
|a Двойченко
|b П. А.
|
| 801 |
|
1 |
|a RU
|b 63413507
|c 20210921
|
| 801 |
|
2 |
|a RU
|b 63413507
|c 20220418
|g RCR
|
| 942 |
|
|
|c BK
|